000 01064cam a2200265 a 4500
999 _c27458
_d27458
001 3886549
003 OSt
005 20170208145304.0
008 900409s1990 dcu 000 0 eng
010 _a 90000570
020 _a0871683784 :
_c$12.95
040 _aDLC
_cDLC
_dDLC
050 0 0 _aQ181 .L53 1990
082 0 0 _a507.1
_220
110 2 _aProject on Liberal Education and the Sciences (American Association for the Advancement of Science)
245 1 4 _aThe liberal art of science :
_bagenda for action : the report of the Project on Liberal Education and the Sciences.
260 _aWashington, D.C. :
_bAmerican Association for the Advancement of Science,
_c1990.
300 _axix, 121 p. ;
_c28 cm.
440 0 _aAAAS publication ;
_v90-13S
500 _aIncludes bibliographical references.
650 0 _aScience
_xStudy and teaching.
906 _a7
_bcbc
_corignew
_d1
_eocip
_f19
_gy-gencatlg
942 _2lcc
_cBOOKS
_hQ181 .L53 1990
_k35054